1687 1519 1668 1579 1343 1599 1577 1270 1141 1769 1072 1144 1334 1914 1892 1977 1197 1787 1836 1487 1432 1105 1564 1526 1225 1790 1405 1672 1465 1744 1928 1936 1216 1990 1087 1232 1563 1528 1713 1832 1349 1235 1555 1492 1492 1377 1958 1545 1034 1226 1010 1641 1795 1700 1223 1445 1153 1326 1587 1729 1054 1500 1419 1185 1578 1575 1869 1162 1384 1170 1393 1179 1295 1254 1323 1962 1089 1389 1506 1962 1985 1673 1752 1516 1697 1744 1301 1637 1429 1478 1875 1129 1902 1473 1092 1491 1971 1931 1998 BCNSPRNW ULIB Ver.6.0+V

เปลี่ยนเป็นภาษาไทย

Change to English
 แสดงรายละเอียดบรรณานุกรม
  กลับหน้าหลัก

Brief Record : Get Marc (ISO 2709) : E-mail record : QR code < ปิดหน้าต่าง
LEADER : 00000nam 2200000uu 4500
001    13399124788
003     ULIB
008    160323s||||||||th 000 0 tha d
020    ^a9781437715767
060 04 ^aWY18.2^bC797 2011
245 00 ^aCore curriculum for maternal-newborn nursing /^cedited by Susan Mattson, Judy E. Smith
250    ^a4th ed.
260    ^aSaint Louis, MO :^bSaunders/Elsevier,^cc2011
300    ^axii, 717 p. :^bill. ;^c26 cm.
504    ^aIncludes bibliographical references and index
650  0 ^aMaternity nursing^vOutlines, syllabi, etc.
650  0 ^aNursing^xStudy and teaching^vOutlines, syllabi, etc.
650  2 ^aCurriculum^vOutlines
650  2 ^aMaternal-Child Nursing^vOutlines
700 1  ^aMattson, Susan
700 1  ^aSmith, Judy E.
945    ^p3920^l0^i000337
999    ^aเกษร โพธิ์สุวรรณ
รายการนี้ยังไม่มีแท็ก
คุณยังไม่ได้ล็อกอิน คุณสามารถมีกิจกรรมร่วมกับเว็บไซต์ได้ แต่ต้องล็อกอินก่อน ::
  ล็อกอิน

รายการสื่อสารสนเทศ

ลำดับที่ ประเภท เลขเรียก/บาร์โค้ด สถานที่ สถานะ
1. Book การพยาบาล
Book การพยาบาล
WY18.2 C797 2011 ฉ.1 
  Barcode: 000337
ห้องสมุดวิทยาเขตสวรรค์ประชารักษ์
►หนังสือทั่วไป
บนชั้น

BibComment


ยังไม่เคยถูกคอมเมนท์

คอมเมนท์ทรัพยากรรายการนี้
  คอมเมนท์: Core curriculum ..


 Copyright 2026. Bcnsprnw @Library